000 00607nam a2200205 4500
001 113653
003 ES-MaACL
005 20260210162438.0
007 t|
008 061121s1918 fr r ||||1| fre d
100 1 _aPacottet, Paul.
_988163
245 1 0 _aVins de Champagne et vins Mouseuse /
_cpar Paul Pacottet et L. Guittonneau.
260 _a[Paris :
_bCorbeil Crété],
_c1918.
300 _a420 p. :
_bil ;
_c19 cm.
490 1 _aEncyclopedie agricole
700 1 _aGuittonneau, L.
_960917
830 0 _aEncyclopédie agricole
_9180885
852 _aES-MaACL
_jD-3658
999 _c113653
_d113653